000 00461nam a2200181Ia 4500
001 24752
005 20260414151104.0
008 260414t2006||||xx |||||||||||||| ||spa||
041 _aESP
082 _a345.733
_bA24
100 _aArco Legal (ed.)
_eAUT
245 0 _aAddenda de actualización de legislación notarial texto impreso
_b
260 _c2006
300 _a38 páginas :
_c20 cm.
650 _aDER
654 _aCDE
942 _cLIB
_dJUS
_fJUS
_2ddc
_n
999 _c24752
_d24752